000 00756nam a22002297a 4500
003 OSt
005 20251024015235.0
008 251013b |||||||| |||| 00| 0 eng d
020 _a13:978-0-495-00748-7.
040 _aDWCL-Main lib
_cOC
082 _aCirc. 327.1 K25g 2007
100 _aCharles W. Kegley
245 _aThe global future :
_ba brief introduction to world politics
260 _aUSA :
_bThomson Higher Education,
_cc2007.
300 _axxiii, (various paging) :
_billustration ;
_c23 cm.
504 _aIncludes bibliographical references and index.
650 _21. Globalization.
650 _22. International relations.
650 _23. World politics.
700 _aRaymond, Gregory A.
942 _2ddc
_cBK-CIRC
_e2nd ed.
_kCirc.
_n0
999 _c4851
_d4851